000 00536nam a2200217Ia 4500
003 OSt
005 20220924142923.0
006 a|||||r|||| 00| 0
007 ta
008 220923b |||||||| |||| 00| 0 ben d
024 _a303940
037 _cTextual
040 _aARTS
_cARTS
_bben
041 _2ben
_aben
082 _aO,6(W,1), 157M4
100 _aRaychoudhuri Subir
_9214337
245 0 _aNanalal
260 _c1984
942 _hO,6(W,1), 157M4
_cTEXL
_2CC
999 _c452511
_d452511